000 01531 a2200265 4500
003 Nust
005 20230330113831.0
010 _a 2006270047
020 _a019567197X (pbk.)
035 _a(OCoLC)ocm57006137
040 _cNust
082 0 4 _a821.9109954,BRO
100 1 _aKing, Bruce,
_941316
245 1 0 _aModern Indian poetry in English /
_cBruce King.
250 _aRev. ed.
260 _aNew Delhi ;
_aNew York :
_bOxford University Press,
_c2004.
300 _ax, 416 p. ;
_c22 cm.
440 0 _aOxford India paperbacks
505 _aIntroduction (Page-1), History and Publishing Circles (Page-11), The Poets Their Readers and The Market (Page-47), Towards a Cannon (Page-60), Poetics and Criticism (Page-73), Ezekiel and His Influence (Page-91), The Poets India I (Page-110), The Poets India II (Page-129), Women’s Voices (Page-147), Two Bilingual Experimentalists (Page-162), Experimentalists II (Page-183), Exile (Page-209), And Return (Page-231), The Diaspora (Page-257),Publishing (Page-275), Maturity (Page-295), New Women Poets (Page-312), New Poets (Page-333).
650 0 _aIndic poetry (English)
_y20th century
_xHistory and criticism.
_914429
856 4 2 _3Contributor biographical information
_uhttp://www.loc.gov/catdir/enhancements/fy0723/2006270047-b.html
856 4 2 _3Publisher description
_uhttp://www.loc.gov/catdir/enhancements/fy0635/2006270047-d.html
856 4 2 _3Table of contents only
_uhttp://www.loc.gov/catdir/enhancements/fy0635/2006270047-t.html
942 _2ddc
_cBK
_k821.9109954,BRO
999 _c186144
_d186144